000 01235cam a2200385 a 4500
001 2905
003 FISKH
005 20240123100442.0
008 040914s2005 nyua b 000 1 eng
010 _a 2004021508
020 _a0060745207 (pbk.)
020 _a0060745215 (lib. bdg.)
020 _a9780060745202
040 _aDLC
_cDLC
_dDLC
_beng
042 _alcac
050 0 0 _aPZ7.G9846
_bMq 2005
082 0 0 _a[Fic]
_222
100 1 _aGutman, Dan.
245 1 0 _aMr. Hynde is out of his mind! /
_cDan Gutman ; pictures by Jim Paillot.
260 _aNew York :
_bHarperTrophy,
_c2005.
300 _a97 pages :
_billustrations ;
_c20 cm.
490 1 _aMy weird school ;
_vBook 6
505 _aO
520 _aWhen boring Mr. Loring retires, A.J.'s class gets a new music teacher who raps, break-dances, and thinks he has what it takes to become a famous musician.
521 _a610
_bLexile
521 _aO
_bRaz-Plus
650 1 _aSchools
_vFiction.
650 1 _aMusicians
_vFiction.
650 1 _aTeachers
_vFiction.
650 1 _aLearning
_vFiction.
650 1 _aHumorous stories.
700 1 _aPaillot, Jim,
_eillustrator
906 _a7
_bcbc
_corignew
_d1
_eecip
_f20
_gy-gencatlg
942 _2ddc
_cBK
_n0
999 _c2905
_d2905